000
00340nam a2200145Ia 4500
008
240624s9999 xx 000 0 und d
041
_a
eng
082
_a
823 TOL
100
_a
TOLKIEN J R R
245
_a
LORD OF THE RINGS
260
_c
1994
_a
Boston
_b
Houghton Mifflin
300
_a
398 : p. : cm. ; 22
365
_c
RS
_b
20
440
_v
3
999
_c
11752
_d
11752